000 00517nam a2200157 a 4500
001 000024482
005 20250204092151.0
008 110128s1976 dr 001 0 spa d
040 _aDO-SdBNP
_bspa
_cBNPHU
100 1 _aJulia, Julio Jaime
_d1922-1993
_920185
245 1 0 _aAntología de la prosa Duartista /
_cJulio Jaime Julio.
260 _aSanto Domingo :
_bEditora del Caribe,
_c1976.
300 _a598 P. ;
_c24 cm.
500 _aIncluye referencias bibliográficas y notas al pie de las páginas
049 _aBNPD
999 _c23975
_d23975